000 01044nas a2200301 4500
001 BR8102002
003 BR-BrBNA
005 20231205084622.0
007 ta
008 230509b bl.|||p| |||| 00| 00por d
040 _aBR-BrBNA
_bpor
_cBiblioteca Nacional de Agricultura
041 _a(Pt)
072 _aL00
100 1 _aCodevila, R.M.
100 1 _aAlmeida, J.A. de J.
100 1 _aRossato, R.
100 1 _aFigueiro, P.R.P.
245 1 _aAlguns fatores que interferem na adocao de tecnicas de criacao na ovinocultura [Ovis aries; Sao Gabriel; Rio Grande do Sul; Brasil]
246 1 _aSome factors affeting adoption of new techniques in sheep breeding [Ovis aries; Sao Gabriel; Rio Grande do Sul; Brazil]
650 _aProducao animal
650 _aOvino
650 _aCriacao
650 _aManejo
650 _aRio Grande do Sul
773 0 _tRevista do Centro de Ciencias Rurais (Brazil)
_xISSN 0085-5901
_g(Mar 1980), v. 10(1) p. 61-72
_wBR8102002
909 _a202311
_bLúcia
_c55
_dLúcia Elande
942 _2AGRIS
_n0
_cANA
999 _c106281
_d106281